Everyman's English pronouncing dictionary

Gespeichert in:
Bibliographische Detailangaben
1. Verfasser: Jones, Daniel
Format: Buch
Sprache:Undetermined
Veröffentlicht: London J. M. Dent 1963
Schlagworte:
Tags: Tag hinzufügen
Keine Tags, Fügen Sie den ersten Tag hinzu!
Thư viện lưu trữ: Trung tâm Học liệu Trường Đại học Cần Thơ
LEADER 00537nam a2200205Ia 4500
001 CTU_26030
008 210402s9999 xx 000 0 und d
082 |a 423.1 
082 |b J76 
100 |a Jones, Daniel 
245 0 |a Everyman's English pronouncing dictionary 
245 0 |c Daniel Jones 
260 |a London 
260 |b J. M. Dent 
260 |c 1963 
650 |a Eenglish language 
650 |x Pronounciation 
650 |y Dictionaries 
904 |i Minh, 981005 
980 |a Trung tâm Học liệu Trường Đại học Cần Thơ